Gainsborough

Αποθηκεύτηκε σε:
Λεπτομέρειες βιβλιογραφικής εγγραφής
Κύριος συγγραφέας: Kalinsky, Nicola
Άλλοι συγγραφείς: Gainsborough, Thomas 1727-1788
Μορφή: Βιβλίο
Γλώσσα:English
Δημοσίευση: London : Phaidon, c1995
Σειρά:Phaidon colour library
Θέματα:
Ετικέτες: Προσθήκη ετικέτας
Δεν υπάρχουν, Καταχωρήστε ετικέτα πρώτοι!

MARC

LEADER 00000nam a2200000 i 4500
001 1/36262
008 061025s1995 eng d
020 |a 0-7148-3178-6 
035 |l 10085771 
040 |a GR-MY-UA  |b gre  |e aacr 
041 0 |a eng 
082 0 |a 700.92  |2 (22) 
100 1 |a Kalinsky, Nicola. 
245 1 0 |a Gainsborough /  |c Nicola Kalinsky 
260 |a London :   |b Phaidon,   |c c1995 
300 |a 126 σ.;  |b εικ. (μερ. έγχρ.);  |c 30 εκ. 
490 1 |a Phaidon colour library 
504 |a Βιβλιογραφία: σ. 26-27 
600 1 0 |a Gainsborough Thomas  |d 1727-1788. 
700 1 |a Gainsborough, Thomas  |d 1727-1788. 
830 0 |a Phaidon colour library 
852 |a INST  |b SYROS  |e 20061025  |h 700.92 GAI  |p 005500004593  |q 005500004593  |t BK  |y 0 
901 |a BIBL5-2006-3 
909 |a Ε  |b 129622 
922 |a 5ΕΛΗ  |b 200610  |c ΒΙΒΛΙΟΘΗΚΗ ΣΥΡΟΥ  |d ΜΙΧΑΛΟΠΟΥΛΟΣ 
950 |a 188-2006-09-18 
970 |a ΚΟΝΤΟΥ  |b ΠΑΡΑΣΚΕΥΗ  |z 2006/11/22